| 000 | 00692nam a2200205 i 4500 | ||
|---|---|---|---|
| 001 | 119933 | ||
| 003 | ES-MaACL | ||
| 005 | 20230906191428.0 | ||
| 007 | t| | ||
| 008 | 070214s1980 sp |||| | spa d | ||
| 100 | 1 |
_aPérez-Rioja, José Antonio, _d1917-2011 _991109 |
|
| 245 | 1 | 0 |
_aSoria, en la época de Quevedo : (1580-1645) / _cJosé Antonio Pérez-Rioja. |
| 260 |
_aSoria : _bCentro de Estudios Sorianos, _c1980. |
||
| 300 |
_a10 h. ; _c24 cm. |
||
| 595 | _aEs tirada aparte de "Celtiberia", n. 60, p. 235-254. | ||
| 651 | 4 |
_aSoria (Provincia)- _xHistoria. _9153442 |
|
| 710 | 2 |
_aCentro de Estudios Sorianos. _92676 |
|
| 852 |
_aES-MaACL _j2121-F-11 |
||
| 999 |
_c119933 _d119933 |
||